Der Ortsname der Stadt Zuckmantel in Schlesien

Titel: Der Ortsname der Stadt Zuckmantel in Schlesien
Verfasser:
In: Zeitschrift für Geschichte und Kulturgeschichte Schlesiens, Band 17 (1922), Seite 33-45
alle Artikel anzeigen
Veröffentlicht: 1922/23 [1923]
Format: Aufsatz
Sprache: Deutsch
Kein Bild verfügbar
X
alg: 39182983
001A    $01999:11-11-16 
001B    $01999:16-05-21 $t20:15:10.000 
001C    $06050:19-11-16 $t09:20:27.000 
001D    $01999:11-11-16 
001U    $0utf8 
001X    $00 
002@    $0Aox 
003@    $0391829831 
007A    $0391829831 $aHEB 
007T    $0Herda04840 
010@    $ager 
011@    $a1922 $b1923 $n1922/23 [1923] 
021A    $aDer @Ortsname der Stadt Zuckmantel in Schlesien 
028A    $aPfitzner $dJosef 
031A    $d17 $h33-45 $j1922 
039B    $aIn $8--Abvc--. Zeitschrift für Geschichte und Kulturgeschichte Schlesiens. - Opava : Zemský Archiv, 1918-2006 $x192200000170000967 $9047981504 
045F    $a307.094371 $eDDC23BSB 
045F/01 $a307.09 
045F/03 $g4371 
045F/03 $g4385 
045T    $a9,10 

lok: 39182983 78

exp: 39182983 78 1 #EPN
201B/01 $008-02-18 $t23:24:01.000 
201U/01 $0utf8 
203@/01 $0787925004 
208@/01 $a11-11-16 $be 
209A/01 $a/ $f000 $x00 
220C/01 $aTitelaufnehmer: cs 
244Z/01 $2Trx $#Silesia $#Śląsk $#Sliezsko $#Slezsko $8--Trx--Schlesien $x01 $9391173987 
244Z/01 $#Tschechien $#Tschechische Republik $#Tschechische Republik $#Tschechenland $#Tschechei Tschechien $#Česká Republika $#Czech Republic $#ČR $74303381-7 $8--Tg1--Tschechien $x02 $9086659812 
244Z/01 $2Trx $#Böhmen $#Bohemia $#Czechy $8--Trx--Čechy $x03 $9391188941 
244Z/01 $#Cukmantl $#Zuckmantel $74418571-6 $8--Tg1--Zlaté Hory$gJeseník $x04 $9088640302 
244Z/01 $aGeschichte 1200-1923 $x05 
244Z/01 $2Trx $#nimeteadus asukohad $#onomastika vietovardžiai $#onomatology places $#névtan helységek $#onomastyka, miejscowości $#onomastika miesta $#onomastika místa $#Toponomie $#toponomastyka $#toponomastika $8--Trx--Namenkunde$gOrte $x06 $9391383450 
244Z/01 $2Trx $8--Trx--Zeitschriftenaufsatz $x07 $9391384341 
245Z/01 $a13.03 $x01 
245Z/01 $a11.07 $x02 
247C/01 $82080>Marburg/Lahn, Herder-Institut, Forschungsbibliothek, Bibliographieportal $9336309341
LEADER 00000caa a22000002c 4500
001 391829831
003 DE-603
005 20210516201510.0
007 tu
008 161111s19221923xx |||| | u00||u|ger c
035 |a (DE-599)HEB391829831 
040 |a DE-603  |b ger  |c DE-603  |d DE-603 
041 |a ger 
082 0 4 |8 1\u  |a 307.094371  |q DE-101  |2 23/BSB 
084 |a 9,10  |2 ssgn 
085 |8 1\u  |b 307.09 
085 |8 1\u  |z 2  |s 4371 
085 |8 1\u  |z 2  |s 4385 
100 1 |a Pfitzner, Josef 
245 0 0 |a ˜Derœ Ortsname der Stadt Zuckmantel in Schlesien 
264 0 |c 1922/23 [1923] 
773 0 8 |i In  |t Zeitschrift für Geschichte und Kulturgeschichte Schlesiens  |d Opava : Zemský Archiv, 1918-2006  |g Band 17 (1922), Seite 33-45  |w (DE-603)047981504  |w (DE-600)716156-6 
924 0 |9 2080  |a (DE-603)787925004  |b DE-2080  |c HES  |d d  |g /